| 000 | 00493nam a22001697a 4500 | ||
|---|---|---|---|
| 003 | NUST - PNEC | ||
| 005 | 20170116181044.0 | ||
| 008 | 150923b xxu||||| |||| 00| 0 eng d | ||
| 020 | _a0273600427 | ||
| 040 | _cLIBRARY | ||
| 082 | _a658.4038011 ROB | ||
| 100 |
_911680 _aRobson, Wendy |
||
| 245 |
_aStrategic management and information systems : _ban integrated approach _cRobson, Wendy |
||
| 260 | _cc 1994 | ||
| 650 |
_911681 _aInformation technology--Management _xMIS |
||
| 942 |
_2ddc _cBK |
||
| 999 |
_c68187 _d68187 |
||